Jugadores Brasil #1 - Estadísticas

Estadísticas generales
  • Esta prueba ha sido intentada 106 veces
  • La puntuación promedio es 17 de 20
Estadísticas de respuestas
Imagen Respuesta % Correcto
Endrick
97%
Marquinhos
97%
Richarlison
97%
Casemiro
95%
Neymar Jr
95%
Vinicius Junior
95%
Gabriel Jesus
94%
Raphinha
92%
Rodrygo
92%
Alisson
91%
Lucas Paqueta
91%
Militao
91%
Ederson
89%
Antony
88%
Vitor Roque
77%
Martinelli
74%
Bruno Guimaraes
72%
Savinho
72%
Gabriel
71%
Douglas Luiz
55%
No se encontraron pruebas coincidentes
Distribución de puntuación
Porcentaje de gente con cada puntuación
Porcentaje por número respondido
Historial de tus puntuaciones
No has intentado esta prueba.